000 00554nam a2200181Ia 4500
008 100921s9999 xx 000 0 und d
082 _b13078
_a891.463 थ 77
100 _aसिनकर श्रीकांत.
245 _aचार्जशीट.
260 _bदिलिप प्रकाशन,मुंबई.
_c1977
300 _a218
_b---
365 _b18
520 _aललित-कथा.
630 _aचार्जशीट.
650 _aललित-कथा.
730 _aचार्जशीट.
942 _cBOOK
999 _c762191
_d762188